Kybernetika /
Enregistré dans:
| Auteurs principaux: | , , |
|---|---|
| Format: | Livre |
| Langue: | tchèque |
| Publié: |
Praha :
SNTL,
1990
|
| Tags: |
Pas de tags, Soyez le premier à ajouter un tag!
|
MARC
| LEADER | 00000nam a22000003a 4500 | ||
|---|---|---|---|
| 001 | stu30929 | ||
| 005 | 20150617225736.4 | ||
| 008 | 930126s1990----cs------------------cze-d | ||
| 020 | |a 80-03-00584-1 | ||
| 040 | |a STU |b slo | ||
| 041 | 0 | |a cze | |
| 044 | |a cs | ||
| 080 | |a 007 | ||
| 100 | 1 | |a Kotek, Zdeněk |4 aut | |
| 245 | 1 | |a Kybernetika / |c [aut.] Kotek,Zdeněk; Vysoký,Petr; Zdráhal,Zdeněk | |
| 260 | |a Praha : |b SNTL, |c 1990 | ||
| 300 | |a 374 s | ||
| 700 | 1 | |a Vysoký, Petr |4 aut | |
| 700 | 1 | |a Zdráhal, Zdeněk |4 aut | |
| 996 | |b J86888 |c J*86888 |l JJK1 |s P |a 0 |w stu30929_0001 | ||
| 996 | |b J87483 |c J*87483 |l JJK14 |s P |a 0 |w stu30929_0002 | ||